000
00344 a2200121 4500
001
ART_30604
005
20260410161928.0
008
260409a
245
1
0
_a
Salud mental
100
1
_a
Laufer Cabrera, Mariano
700
1
_a
Capurro Robles, Facundo
773
0
_t
Derechos humanos
_g
- Año III, Nº 6/B (mayo 2015)
_w
REV22278
999
_c
28328
_d
28328